Statistics for "The Day" Lyrics from My Hero Academia

Click here to take the quiz!

General Stats

  • This quiz has been taken 131 times
  • The average score is 103 of 197

Answer Stats

Lyric% Correct
The
94%
the
94%
day
93%
Day
93%
Come!!!
82%
Come
82%
come!
82%
A
80%
a
80%
Has
80%
has
80%
I
76%
you!
68%
you
68%
You
68%
you,
68%
To
66%
to
66%
do!
64%
do,
64%
hear
64%
see
59%
know
57%
know,
57%
know!
57%
is
56%
An
55%
your
55%
and
52%
And
52%
can
52%
my
52%
time
52%
upon
52%
Will
52%
will
52%
So
51%
them!
51%
them
51%
what
51%
bite
49%
in
49%
it
49%
nails,
49%
new
49%
sunrise,
49%
me
48%
night
47%
that
47%
they
47%
show
46%
start
46%
I'm
45%
Late
45%
name,
45%
not
45%
tremble,
45%
day's
44%
knees
44%
into
43%
of
43%
don't
41%
take
41%
Now
40%
now!
40%
say
40%
hand!
39%
many
39%
places,
39%
soon
39%
unknown!
39%
unknown
39%
are
38%
how
38%
nights
38%
Sleepless
38%
faces,
37%
finally
37%
gonna
37%
Oh
37%
out
37%
pressure
37%
rain
37%
stand,
37%
storming,
37%
break
36%
city,
36%
feel
36%
hoping,
36%
pray
36%
reach
36%
blame,
34%
eats
34%
every
34%
great
34%
names
34%
telling
34%
spent
33%
we
33%
whole!
33%
You're
33%
you're
33%
make
32%
or
30%
straight
30%
teeth
30%
walk
30%
Colliding
29%
fists,
29%
grit
29%
play
29%
through?
29%
breaking
26%
mold
26%
they're
26%
They're
26%
bells
25%
end
25%
what's
25%
ringing,
24%

Score Distribution

Percentile by Number Answered

Percent of People with Each Score

Your Score History

You have not taken this quiz